000 00661nam a2200205Ii 4500
003 JO-AjNU
008 230605s9999||||xx |||||||||||||| ||und||
017 _a1987/139
040 _aJO-AjNU
_bara
_erda
_cJO-AjNU
041 _aara
050 1 4 _a 1987 S633.N8248
100 3 _aتاليف النعيمي، سعدالله نجم عبدالله,
_eauthor
_937031
245 0 0 _aالاسمدة وخصوبة التربة
264 3 1 _aالموصل: جامعة الموصل ، 1978
300 _a339ص
336 _atext
_btxt
_2rdacontent
337 _aunmediated
_bn
_2rdamedia
338 _avolume
_bnc
_2rdacarrier
650 4 _aالتربة - خصوبة
_937032
999 _aA15437
_c19005
_d19005